WWE PPV 2016 NAMES - Statistics

General Stats
  • This quiz has been taken 258 times
  • The average score is 12 of 15
Answer Stats
Brand Main Event Answer % Correct
Shared 30 Man Royal Rumble Royal Rumble
99%
Shared Roman Reigns vs Triple H Wrestlemania 32
96%
Shared Brock Lesnar vs Randy Orton SummerSlam
89%
Shared Roman Reigns vs Seth Rollins (vs Dean Ambrose) Money in the Bank
85%
Shared Brock Lesnar vs Goldberg Survivor Series
84%
Shared Brock Lesnar va Roman Reigns vs Dean Ambrose Fastlane
82%
Smackdown Live AJ Styles vs Dean Ambrose TLC
81%
Shared Roman Reigns vs AJ Styles Extreme Rules
77%
Raw Sasha Banks vs Charlotte Flair Hell in a Cell
77%
Smackdown Live Dean Ambrose vs AJ Styles Backlash
75%
Shared Roman Reigns vs AJ Styles Payback
75%
Shared Dean Ambrose vs Seth Rollins vs Roman Reigns Battleground
64%
Smackdown Live Randy Orton vs Bray Wyatt No Mercy
61%
Raw Kevin Owens vs Roman Reigns Roadblock
58%
Raw Kevin Owens vs Seth Rollins Clash of Champions
51%
No matching quizzes found
Score Distribution
Percent of People with Each Score
Percentile by Number Answered
Your Score History
You have not taken this quiz